00762cam a2200181 a 450000100100000000500170001000800410002704000250006808200170009310000420011024501210015226000430027330000280031660000760034460000540042065000580047465000480053200000471420200929151505.0811202s1970 sp a 000 0 spa  aDO-SdBNPbspacBNPHU a863.3bT697c1 aTorroba Bernaldo de Quirós, Felipe.13aEl Cid y Don Quijote :bla España de los caminos históricos y literarios /cFelipe Torroba Bernaldo de Quirós. aMadrid :bSucs, de Rivadeneyra,c1970. a477 p. :bil. ;c21 cm.10aCERVANTES SAAVEDRA, MIGUEL DE,d1547-1616xCRÍTICA E INTERPRETACIÓN10aCID,dCA. 1043-1099xCRÍTICA E INTERPRETACIÓN 4aEl quijote de la manchaxCrítica e interpretación 4aLiteratura españolaxHistoria y crítica